Composition OL huitièmes de finale ligue des champions 2008 - Statistiques

Statistiques générales
  • Ce quiz a été pris 253 fois
  • Le résultat moyen est 6 sur 12
Statistiques - réponses
Numéro Joueurs % Correct
8 (cap) Juninho
94%
1 Coupet
92%
10 Benzema
82%
14 Govou
70%
20 Réveillère
58%
28 Toulalan
40%
6 Källström
36%
Entraîneur Alain Perrin
26%
2 Clerc
24%
11 Grosso
21%
32 Boumsong
20%
29 Squillaci
14%
Aucun quiz correspondant
Distribution des résultats
% des personnes avec chaque résultat
Percentile par nombre de réponses
Votre historique - résultats
Vous n’avez pas pris ce quiz